[Event "PRO League Stage"]
[Site "Chess.com INT"]
[Date "2018.02.24"]
[Round "7"]
[White "Cornejo, Max"]
[Black "Kuznecov, Mikhail"]
[Result "0-1"]
[WhiteElo "2421"]
[BlackElo "2378"]
[PlyCount "96"]
[EventDate "2018.01.18"]
[EventType "team-swiss (rapid)"]
[EventRounds "9"]
[EventCountry "USA"]
[SourceTitle "EXT 2019"]
[Source "ChessBase"]
[SourceDate "2018.10.10"]
[SourceVersion "1"]
[SourceVersionDate "2018.10.10"]
[SourceQuality "1"]
[WhiteTeam "Rio Grande Ospreys"]
[BlackTeam "Volga Stormbringers"]
[WhiteTeamCountry "USA"]
[BlackTeamCountry "RUS"]

1. e4 d6 2. d4 Nf6 3. Bd3 e5 4. c3 Nbd7 5. Ne2 Be7 6. 0-0 0-0 7. f4 c6 8. Kh1 Qc7 9. Na3 Re8 10. Nc4 b5 11. Ne3 Bf8 12. Nf5 exd4 13. Nexd4 Nxe4 14. Qc2 Nec5 15. Be2 Nf6 16. Bf3 d5 17. b3 Nce4 18. Ne3 Bd7 19. c4 bxc4 20. bxc4 Qb6 21. Bb2 Rac8 22. Rab1 Qc7 23. Ne2 Bc5 24. Nd4 Qxf4 25. Rbe1 Bxd4 26. Bxd4 Ng3+ 27. hxg3 Qxd4 28. Qb3 Rb8 29. Qa3 dxc4 30. Nc2 Qd3 31. Qc1 Rxe1 32. Rxe1 Be6 33. Re3 Qd6 34. Qe1 h6 35. Rc3 Bd5 36. Ne3 Bxf3 37. gxf3 Re8 38. Qf2 Qd4 39. Ra3 Nd5 40. Ng4 Qxf2 41. Nxf2 c3 42. Ra4 Re2 43. Kg2 Ne3+ 44. Kg1 c2 45. Nd3 Rd2 46. Nc1 Rd1+ 47. Kf2 Rxc1 48. Kxe3 Re1+ 0-1

[Event "PRO League Stage"]
[Site "Chess.com INT"]
[Date "2018.02.24"]
[Round "7"]
[White "Grigoryan, Karen H"]
[Black "Cornejo, Max"]
[Result "1-0"]
[WhiteElo "2581"]
[BlackElo "2421"]
[PlyCount "89"]
[EventDate "2018.01.18"]
[EventType "team-swiss (rapid)"]
[EventRounds "9"]
[EventCountry "USA"]
[SourceTitle "EXT 2019"]
[Source "ChessBase"]
[SourceDate "2018.10.10"]
[SourceVersion "1"]
[SourceVersionDate "2018.10.10"]
[SourceQuality "1"]
[WhiteTeam "Armenia Eagles"]
[BlackTeam "Rio Grande Ospreys"]
[WhiteTeamCountry "ARM"]
[BlackTeamCountry "USA"]

1. g3 d5 2. Bg2 Nf6 3. Nf3 Bg4 4. c4 Bxf3 5. Bxf3 c6 6. cxd5 cxd5 7. Nc3 e6 8. 0-0 Nc6 9. d3 Be7 10. e4 d4 11. Ne2 h5 12. Qa4 Kf8 13. e5 Nd5 14. Be4 Nb6 15. Qd1 h4 16. f4 f5 17. exf6 gxf6 18. f5 e5 19. g4 a5 20. Kh1 a4 21. g5 Rg8 22. g6 Kg7 23. Rf3 Rh8 24. Rh3 Nd5 25. a3 Qd7 26. Qe1 Na5 27. Rxh4 Rxh4 28. Qxh4 Rh8 29. Qe1 Nb3 30. Rb1 Kg8 31. Ng3 Bf8 32. Bd2 b5 33. Rc1 Nxc1 34. Qxc1 Kg7 35. Qd1 Kg8 36. Qf3 Ne3 37. Bxe3 dxe3 38. Qxe3 Qd4 39. Qxd4 exd4 40. Bf3 Bd6 41. Nh5 Rh6 42. Nxf6+ Kf8 43. Ng4 Rh4 44. f6 Bf4 45. g7+ 1-0

[Event "Richardson UTD Fall op"]
[Site "Richardson"]
[Date "2014.11.25"]
[Round "7"]
[White "Kovalyov, Anton"]
[Black "Cornejo, Max"]
[Result "1-0"]
[WhiteElo "2617"]
[BlackElo "2381"]
[PlyCount "111"]
[EventDate "2014.11.21"]
[EventType "swiss"]
[EventRounds "9"]
[EventCountry "USA"]
[SourceTitle "CBM 163 Extra"]
[Source "ChessBase"]
[SourceDate "2014.12.23"]
[SourceVersion "1"]
[SourceVersionDate "2014.12.23"]
[SourceQuality "1"]

1. c4 e5 2. g3 Nf6 3. Bg2 d5 4. cxd5 Nxd5 5. Nc3 Nb6 6. d3 Be7 7. Be3 0-0 8. Rc1 Re8 9. a3 Nc6 10. Nf3 Bf8 11. 0-0 Nd4 12. Ne4 Bg4 13. Ned2 c5 14. h3 Bd7 15. Ng5 h6 16. Nge4 Rc8 17. Nc4 Ba4 18. Qe1 Nb3 19. Rb1 Nd5 20. Bd2 Bc6 21. Bc3 f5 22. Ned2 Nd4 23. e3 b5 24. Ba5 Qf6 25. exd4 bxc4 26. dxe5 Rxe5 27. Qc1 cxd3 28. Qc4 Qf7 29. Qxd3 Nb6 30. Bc3 Re7 31. Rfe1 Rd7 32. Qe2 Bxg2 33. Kxg2 f4 34. g4 Nd5 35. Be5 c4 36. Nf3 c3 37. Qa6 Rdd8 38. bxc3 Nb6 39. Bd4 Bc5 40. Re5 Bxd4 41. cxd4 Qa2 42. Rbe1 Rc2 43. R5e2 Rxe2 44. Rxe2 Qc4 45. Qxc4+ Nxc4 46. a4 Rd5 47. Re8+ Kh7 48. Re7 Ra5 49. Nh4 Nd6 50. Rd7 Ne8 51. Nf5 Kg8 52. d5 Kf8 53. d6 Nf6 54. Rb7 Rd5 55. Rxa7 Ne4 56. d7 1-0

[Event "Richardson UTD Fall op"]
[Site "Richardson"]
[Date "2014.11.23"]
[Round "5"]
[White "Berczes, David"]
[Black "Cornejo, Max"]
[Result "1/2-1/2"]
[WhiteElo "2501"]
[BlackElo "2381"]
[PlyCount "54"]
[EventDate "2014.11.21"]
[EventType "swiss"]
[EventRounds "9"]
[EventCountry "USA"]
[SourceTitle "CBM 163 Extra"]
[Source "ChessBase"]
[SourceDate "2014.12.23"]
[SourceVersion "1"]
[SourceVersionDate "2014.12.23"]
[SourceQuality "1"]

1. Nf3 d5 2. g3 Bg4 3. Bg2 c6 4. h3 Bxf3 5. Bxf3 e5 6. d3 Bc5 7. 0-0 Nd7 8. e4 dxe4 9. dxe4 Ne7 10. Nd2 0-0 11. a4 a5 12. Nc4 Qc7 13. Bd2 Rfd8 14. Qe2 Bd4 15. Ra2 h6 16. h4 Nf6 17. b3 Nc8 18. Qe1 b6 19. c3 Bc5 20. b4 axb4 21. cxb4 Bd4 22. a5 b5 23. Na3 Nd6 24. Rc2 Re8 25. Qe2 Qd7 26. Kg2 Rac8 27. Rfc1 h5 1/2-1/2

[Event "Pan American Intercollegiate-chT"]
[Site "Lubbock"]
[Date "2013.12.29"]
[Round "4.3"]
[White "Cornejo, Max"]
[Black "Bregadze, Levan"]
[Result "1/2-1/2"]
[WhiteElo "2365"]
[BlackElo "2396"]
[PlyCount "113"]
[EventDate "2013.12.27"]
[EventType "team-swiss"]
[EventRounds "6"]
[EventCountry "USA"]
[SourceTitle "CBM 158 Extra"]
[Source "ChessBase"]
[SourceDate "2014.02.28"]
[SourceVersion "1"]
[SourceVersionDate "2014.02.28"]
[SourceQuality "1"]
[WhiteTeam "Texas at Brownsville"]
[BlackTeam "Baltimore Univ"]
[WhiteTeamCountry "USA"]
[BlackTeamCountry "USA"]

1. e4 g6 2. d4 Bg7 3. c3 d6 4. f4 c6 5. Nf3 d5 6. Nbd2 dxe4 7. Nxe4 Bf5 8. Ng3 Bg4 9. Bc4 Bxf3 10. Qxf3 e6 11. b3 Ne7 12. Ba3 Nd7 13. Ne4 0-0 14. 0-0 Nf6 15. Nd6 Qd7 16. Be2 Rfd8 17. Nc4 Qc7 18. Ne5 Ned5 19. c4 Ne7 20. Rad1 Nf5 21. Bb2 h5 22. Bd3 Nxd4 23. Bxd4 Rxd4 24. Bxg6 Rxd1 25. Bxf7+ Qxf7 26. Nxf7 Rxf1+ 27. Kxf1 Kxf7 28. Qd3 Re8 29. Qd4 a6 30. Qe5 Rd8 31. Ke2 Bf8 32. c5 Be7 33. b4 a5 34. a3 axb4 35. axb4 h4 36. g4 Rd5 37. Qc7 Nxg4 38. h3 Nh6 39. Qxb7 Nf5 40. Kf2 Rd2+ 41. Ke1 Rb2 42. Qxc6 Rxb4 43. Qd7 Re4+ 44. Kf2 Rxf4+ 45. Ke1 Re4+ 46. Kf2 Rc4 47. c6 Rc2+ 48. Kg1 Kf6 49. c7 Bc5+ 50. Kf1 Ne3+ 51. Kg1 Ng4+ 52. Kf1 Rf2+ 53. Ke1 Bb4+ 54. Kd1 Ne3+ 55. Kc1 Ba3+ 56. Kb1 Rb2+ 57. Kc1 1/2-1/2

[Event "World op 41st"]
[Site "Arlington"]
[Date "2013.07.07"]
[Round "8"]
[White "Mikhalevski, Victor"]
[Black "Cornejo, Max"]
[Result "1-0"]
[WhiteElo "2552"]
[BlackElo "2388"]
[PlyCount "84"]
[EventDate "2013.07.01"]
[EventType "swiss"]
[EventRounds "9"]
[EventCountry "USA"]
[SourceTitle "CBM 155 Extra"]
[Source "ChessBase"]
[SourceDate "2013.08.26"]
[SourceVersion "1"]
[SourceVersionDate "2013.08.26"]
[SourceQuality "1"]

1. Nf3 d5 2. c4 e6 3. g3 Nf6 4. Bg2 Be7 5. 0-0 0-0 6. b3 c5 7. e3 b6 8. Bb2 Bb7 9. Nc3 Nbd7 10. Qe2 Rc8 11. Rac1 Re8 12. Rfd1 Ba6 13. Nb5 Bxb5 14. cxb5 Ne4 15. d4 Bf6 16. Ne5 Bxe5 17. dxe5 f5 18. exf6 Ndxf6 19. g4 Qe7 20. f3 Ng5 21. h4 Nf7 22. Bh3 Nd7 23. Qe1 c4 24. Qg3 cxb3 25. axb3 Qb4 26. g5 Qxb3 27. Bd4 Nf8 28. Rb1 Qc2 29. h5 Qc7 30. Qg2 Qc2 31. Qg3 Qc7 32. f4 Nd6 33. h6 g6 34. Qe1 Qd7 35. Qe2 Ne4 36. Qb2 Qe7 37. Rbc1 Rxc1 38. Qxc1 Nxg5 39. fxg5 e5 40. Ba1 Qxg5+ 41. Bg2 Ne6 42. Rxd5 Nd4 1-0

[Event "World op 41st"]
[Site "Arlington"]
[Date "2013.07.05"]
[Round "5"]
[White "Cornejo, Max"]
[Black "Izoria, Zviad"]
[Result "1/2-1/2"]
[WhiteElo "2388"]
[BlackElo "2574"]
[PlyCount "50"]
[EventDate "2013.07.01"]
[EventType "swiss"]
[EventRounds "9"]
[EventCountry "USA"]
[SourceTitle "CBM 155 Extra"]
[Source "ChessBase"]
[SourceDate "2013.08.26"]
[SourceVersion "1"]
[SourceVersionDate "2013.08.26"]
[SourceQuality "1"]

1. e4 c5 2. Nf3 Nc6 3. Bb5 e6 4. Bxc6 bxc6 5. d3 Ne7 6. Qe2 d5 7. h4 h5 8. c4 Ng6 9. e5 f6 10. Nc3 Ne7 11. 0-0 Nf5 12. Bf4 Nd4 13. Nxd4 cxd4 14. Na4 c5 15. b3 Bb7 16. exf6 Qxf6 17. Bg5 Qf5 18. Rfe1 dxc4 19. dxc4 Kf7 20. Rad1 Bd6 21. b4 e5 22. Nxc5 Bxc5 23. bxc5 Rae8 24. f3 Rhf8 25. Qd3 Kg6 1/2-1/2

[Event "World op 41st"]
[Site "Arlington"]
[Date "2013.07.04"]
[Round "4"]
[White "Hossain, Enamul"]
[Black "Cornejo, Max"]
[Result "1/2-1/2"]
[WhiteElo "2465"]
[BlackElo "2388"]
[PlyCount "122"]
[EventDate "2013.07.01"]
[EventType "swiss"]
[EventRounds "9"]
[EventCountry "USA"]
[SourceTitle "CBM 155 Extra"]
[Source "ChessBase"]
[SourceDate "2013.08.26"]
[SourceVersion "1"]
[SourceVersionDate "2013.08.26"]
[SourceQuality "1"]

1. e4 e5 2. Bc4 Nf6 3. d3 c6 4. Nf3 d5 5. Bb3 Bb4+ 6. c3 Bd6 7. Bg5 dxe4 8. dxe4 h6 9. Bh4 Qe7 10. Nbd2 Bc7 11. Qe2 Nbd7 12. Bc2 Nf8 13. Bg3 Ng6 14. Nh4 Nf4 15. Bxf4 exf4 16. 0-0-0 Bg4 17. Nhf3 0-0-0 18. h3 Be6 19. Kb1 Nd7 20. Bb3 Ne5 21. Nxe5 Bxe5 22. Bxe6+ Qxe6 23. Nb3 Qg6 24. f3 f5 25. exf5 Qxf5+ 26. Qc2 Qxc2+ 27. Kxc2 Rde8 28. Rhe1 Bf6 29. Nc5 Bh4 30. Re4 Rxe4 31. Nxe4 Be7 32. Rd4 Rf8 33. Nd2 Rf5 34. Re4 Kd8 35. Nc4 Rg5 36. Re2 Rd5 37. Rd2 Kd7 38. Na5 b6 39. Nb3 Bf6 40. Nc1 Kd6 41. Nd3 g5 42. c4 Rd4 43. b3 b5 44. cxb5 cxb5 45. Re2 Kd7 46. Nc5+ Kc6 47. Ne4 Bg7 48. Nf2 Kd7 49. Nd3 Rd5 50. h4 a5 51. hxg5 hxg5 52. Nf2 Rc5+ 53. Kd1 Rd5+ 54. Rd2 Rxd2+ 55. Kxd2 Bf6 56. Ne4 Bd8 57. Kd3 Ke6 58. Nc3 b4 59. Nb1 Kd5 60. Nd2 Bc7 61. Ne4 Bd8 1/2-1/2

[Event "Arlington DC op 1st"]
[Site "Arlington"]
[Date "2013.07.01"]
[Round "9"]
[White "Cornejo, Max"]
[Black "Fernandez, Daniel"]
[Result "1/2-1/2"]
[WhiteElo "2388"]
[BlackElo "2398"]
[PlyCount "25"]
[EventDate "2013.06.27"]
[EventType "swiss"]
[EventRounds "9"]
[EventCountry "USA"]
[SourceTitle "CBM 155 Extra"]
[Source "ChessBase"]
[SourceDate "2013.08.26"]
[SourceVersion "1"]
[SourceVersionDate "2013.08.26"]
[SourceQuality "1"]

1. e4 c5 2. c3 d5 3. exd5 Qxd5 4. d4 Nf6 5. Nf3 Bg4 6. Be2 e6 7. h3 Bh5 8. 0-0 Nc6 9. c4 Qd7 10. dxc5 Bxc5 11. Qxd7+ Kxd7 12. Nc3 Ke7 13. Bg5 1/2-1/2

[Event "Arlington DC op 1st"]
[Site "Arlington"]
[Date "2013.06.27"]
[Round "2"]
[White "Nieto, Guillermo Luigui"]
[Black "Cornejo, Max"]
[Result "1/2-1/2"]
[WhiteElo "1933"]
[BlackElo "2388"]
[PlyCount "169"]
[EventDate "2013.06.27"]
[EventType "swiss"]
[EventRounds "9"]
[EventCountry "USA"]
[SourceTitle "CBM 155 Extra"]
[Source "ChessBase"]
[SourceDate "2013.08.26"]
[SourceVersion "1"]
[SourceVersionDate "2013.08.26"]
[SourceQuality "1"]

1. e4 e5 2. Nf3 Nf6 3. Nxe5 d6 4. Nf3 Nxe4 5. Nc3 Nf6 6. d4 d5 7. Be2 Bb4 8. 0-0 0-0 9. a3 Bxc3 10. bxc3 Ne4 11. c4 Nc3 12. Qd3 Nxe2+ 13. Qxe2 Re8 14. Qd3 dxc4 15. Qxc4 Be6 16. Qd3 Qd5 17. Bf4 Bf5 18. Qb3 Qxb3 19. cxb3 c6 20. Rfe1 Nd7 21. Ne5 Nb6 22. Nc4 Be6 23. Nxb6 axb6 24. b4 b5 25. h4 Red8 26. Be3 Rd7 27. f3 f6 28. Bf2 Kf7 29. Re3 h5 30. Rae1 Bd5 31. f4 f5 32. g3 b6 33. Rc3 Be4 34. Be3 Ra6 35. Bf2 Rd6 36. Kf1 Ke6 37. Bg1 Kd5 38. Bf2 Ra8 39. Ree3 Re6 40. Re1 Rae8 41. Be3 R6e7 42. Kg1 Bb1 43. Kf2 Ba2 44. Kf3 Bc4 45. Kf2 Ra7 46. Rd1 Re4 47. Rd2 Ra6 48. Rd1 g6 49. Rd2 Kd6 50. Rd1 Bd5 51. Rdd3 Ra7 52. Rd1 Re8 53. Rdd3 Rea8 54. Bc1 Be4 55. Rd1 Rd7 56. Be3 Kc7 57. Rdc1 Rad8 58. Ke2 Bd5 59. Kf2 Re8 60. Rd1 Kb7 61. Rdc1 Ra8 62. Re1 Bc4 63. Rec1 Re7 64. Re1 Bd5 65. Bd2 Rxe1 66. Kxe1 Kc7 67. Be3 Kd6 68. Bf2 Re8+ 69. Kd2 Bc4 70. Re3 Rxe3 71. Kxe3 Kd5 72. Be1 Bf1 73. Bf2 Bg2 74. Kd3 Be4+ 75. Ke3 Kc4 76. Kd2 Kb3 77. Be3 Bd5 78. Bf2 Kxa3 79. Kc3 Ka2 80. Bg1 Kb1 81. Be3 Bc4 82. Bd2 Bd5 83. Be3 Bc4 84. Bd2 Bd5 85. Be3 1/2-1/2

[Event "Arequipa op 1st"]
[Site "Arequipa"]
[Date "2013.06.01"]
[Round "5"]
[White "Cornejo, Max"]
[Black "Santiago Lastra, Nefi"]
[Result "1-0"]
[WhiteElo "2380"]
[BlackElo "2007"]
[PlyCount "109"]
[EventDate "2013.05.25"]
[EventType "swiss"]
[EventRounds "9"]
[EventCountry "PER"]
[SourceTitle "EXT 2014"]
[Source "ChessBase"]
[SourceDate "2013.11.20"]
[SourceVersion "1"]
[SourceVersionDate "2013.11.20"]
[SourceQuality "1"]

1. e4 e6 2. d4 d5 3. Nc3 Nf6 4. Bg5 Bb4 5. e5 h6 6. Bd2 Bxc3 7. bxc3 Ne4 8. Bd3 Nxd2 9. Qxd2 c5 10. f4 c4 11. Be2 Qa5 12. a3 Bd7 13. Bf3 Na6 14. Ne2 0-0-0 15. h4 Rdf8 16. Qc1 f6 17. Kd2 Be8 18. a4 Qd8 19. Qg1 Bg6 20. Qe3 Qe7 21. h5 Be8 22. exf6 Qxf6 23. Bg4 Nc7 24. Qe5 Rf7 25. g3 Rhf8 26. Rhe1 Bd7 27. Ng1 Qxe5 28. Rxe5 Rf6 29. Nf3 a5 30. Re3 Rd8 31. Ne5 Be8 32. Ree1 Rd6 33. Ra2 Na8 34. Rf1 Kc7 35. Be2 Nb6 36. Rfa1 Nc8 37. Ke3 Rb6 38. g4 Nd6 39. Bf3 Rf8 40. Rg1 Kb8 41. f5 exf5 42. Bxd5 f4+ 43. Kf3 Ka7 44. Re1 Rf6 45. Kf2 Bf7 46. Bxf7 Rxf7 47. Nxf7 Nxf7 48. Kf3 Rf6 49. Rb2 Ng5+ 50. Kf2 Ka6 51. Rb5 Nh3+ 52. Kg2 Ng5 53. Ree5 f3+ 54. Kf2 Nh3+ 55. Kf1 1-0

[Event "Arequipa op 1st"]
[Site "Arequipa"]
[Date "2013.05.31"]
[Round "4"]
[White "Cori Quispe, Kevin Joel"]
[Black "Cornejo, Max"]
[Result "1-0"]
[WhiteElo "2088"]
[BlackElo "2380"]
[PlyCount "101"]
[EventDate "2013.05.25"]
[EventType "swiss"]
[EventRounds "9"]
[EventCountry "PER"]
[SourceTitle "EXT 2014"]
[Source "ChessBase"]
[SourceDate "2013.11.20"]
[SourceVersion "1"]
[SourceVersionDate "2013.11.20"]
[SourceQuality "1"]

1. e4 c6 2. d4 d5 3. Nc3 dxe4 4. Nxe4 Nd7 5. Ng5 Ngf6 6. Bd3 e5 7. Bc4 Nd5 8. N1f3 N7b6 9. Bb3 exd4 10. 0-0 Be7 11. Qxd4 0-0 12. Re1 h6 13. Ne4 Qc7 14. c4 c5 15. Qe5 Qxe5 16. Nxe5 Nf6 17. Nxf6+ Bxf6 18. Nd3 Bf5 19. Nxc5 Rfe8 20. Rxe8+ Rxe8 21. Be3 Bxb2 22. Rd1 Re7 23. h3 Rc7 24. g4 Bd7 25. a4 Bc6 26. a5 Nc8 27. Rd8+ Kh7 28. Bf4 Re7 29. Nd3 Re2 30. Kf1 Re4 31. Nxb2 Rxf4 32. Rxc8 Rf3 33. Bc2+ g6 34. Rc7 Rc3 35. Bd1 a6 36. Ke1 Kg7 37. h4 Ra3 38. Kd2 Rxa5 39. Nd3 g5 40. hxg5 hxg5 41. Nb4 Bg2 42. f3 Ra3 43. Rxb7 Ra1 44. Ra7 a5 45. Nc2 Ra4 46. c5 Kf6 47. Ne3 Ra2+ 48. Kc3 Ra3+ 49. Kd4 Bh1 50. c6 Ke6 51. c7 1-0

[Event "Arequipa op 1st"]
[Site "Arequipa"]
[Date "2013.05.30"]
[Round "1"]
[White "Cornejo, Max"]
[Black "Rojas Salas, Steven Javier"]
[Result "1-0"]
[WhiteElo "2380"]
[BlackElo "1559"]
[PlyCount "35"]
[EventDate "2013.05.25"]
[EventType "swiss"]
[EventRounds "9"]
[EventCountry "PER"]
[SourceTitle "EXT 2014"]
[Source "ChessBase"]
[SourceDate "2013.11.20"]
[SourceVersion "1"]
[SourceVersionDate "2013.11.20"]
[SourceQuality "1"]

1. e4 e6 2. Nf3 d5 3. Nc3 Nf6 4. e5 Nfd7 5. d4 c5 6. dxc5 Nc6 7. Bf4 Bxc5 8. Bd3 f6 9. exf6 Nxf6 10. Qe2 0-0 11. 0-0-0 Re8 12. Ne5 Qa5 13. Nxc6 bxc6 14. Be5 Rf8 15. a3 Nd7 16. Qh5 h6 17. Bxg7 Bxf2 18. Qg6 1-0

[Event "American Continental 09th"]
[Site "Cochabamba"]
[Date "2013.05.15"]
[Round "11"]
[White "Cornejo, Max"]
[Black "Mekhitarian, Krikor Sevag"]
[Result "1/2-1/2"]
[WhiteElo "2380"]
[BlackElo "2551"]
[PlyCount "134"]
[EventDate "2013.05.07"]
[EventType "swiss"]
[EventRounds "11"]
[EventCountry "BOL"]
[SourceTitle "CBM 154 Extra"]
[Source "ChessBase"]
[SourceDate "2013.06.25"]
[SourceVersion "2"]
[SourceVersionDate "2013.06.25"]
[SourceQuality "1"]

1. e4 c5 2. Nf3 Nc6 3. Bb5 e6 4. 0-0 Nge7 5. c3 a6 6. Ba4 b5 7. Bc2 Bb7 8. d4 cxd4 9. cxd4 Nb4 10. a3 Nxc2 11. Qxc2 Rc8 12. Qd3 d5 13. e5 Nc6 14. b4 Be7 15. Nbd2 0-0 16. Nb3 h6 17. Bd2 Nb8 18. Nc5 Bxc5 19. bxc5 a5 20. Rfb1 Ba6 21. Ne1 Kh8 22. f4 b4 23. Qe3 bxa3 24. Qxa3 Nc6 25. Bxa5 Qh4 26. Nf3 Qh5 27. Qe3 Qg6 28. Rd1 Ra8 29. Bc3 Bc4 30. h3 Rfb8 31. Nd2 Bd3 32. Kh2 Bc2 33. Rdc1 Kh7 34. g4 Rxa1 35. Rxa1 Qd3 36. Qxd3+ Bxd3 37. Kg3 Rb7 38. Kf2 Ra7 39. Rxa7 Nxa7 40. Ke3 Bc2 41. Nf1 Nc6 42. Ng3 Ne7 43. Ba5 Nc6 44. Be1 Ne7 45. Kd2 Bb1 46. Kc3 Nc6 47. Bf2 g6 48. Be3 Ba2 49. h4 Bc4 50. f5 Ba6 51. fxe6 fxe6 52. Nh1 Kg7 53. Nf2 Be2 54. Kd2 Bf3 55. Kd3 h5 56. gxh5 Bxh5 57. Nh3 Kf7 58. Nf4 Bd1 59. Kc3 Ba4 60. Nd3 Bb5 61. Nb2 Ke8 62. Bg5 Be2 63. Na4 Bb5 64. Nb2 Be2 65. Nd3 Bxd3 66. Kxd3 Kd7 67. Kc3 Kc8 1/2-1/2

[Event "American Continental 09th"]
[Site "Cochabamba"]
[Date "2013.05.13"]
[Round "9"]
[White "Martinez Alcantara, Jose Eduardo"]
[Black "Cornejo, Max"]
[Result "1/2-1/2"]
[WhiteElo "2208"]
[BlackElo "2380"]
[PlyCount "112"]
[EventDate "2013.05.07"]
[EventType "swiss"]
[EventRounds "11"]
[EventCountry "BOL"]
[SourceTitle "CBM 154 Extra"]
[Source "ChessBase"]
[SourceDate "2013.06.25"]
[SourceVersion "2"]
[SourceVersionDate "2013.06.25"]
[SourceQuality "1"]

1. e4 c6 2. d4 d5 3. Nc3 dxe4 4. Nxe4 Nd7 5. Ng5 Ngf6 6. Bd3 e5 7. Qe2 Qe7 8. Bc4 Nd5 9. Bxd5 cxd5 10. dxe5 Nxe5 11. N5f3 Nc6 12. c3 Bf5 13. Qxe7+ Bxe7 14. Ne2 Be4 15. Be3 0-0 16. 0-0 h6 17. Ned4 Na5 18. Nd2 Bg6 19. Rfe1 Bf6 20. Nb5 b6 21. Bd4 Bxd4 22. Nxd4 Rfe8 23. Nb5 Kf8 24. f4 Red8 25. Nd4 Bd3 26. Re3 Ba6 27. b4 Nc4 28. Nxc4 Bxc4 29. a3 a5 30. bxa5 bxa5 31. Rb1 Rdb8 32. Ree1 Bd3 33. Rbd1 Be4 34. Rd2 Rc8 35. Nb5 Ra6 36. Re3 f5 37. Kf2 Rb6 38. a4 Rc4 39. Ra2 Bb1 40. Rb2 Rxf4+ 41. Rf3 Rxf3+ 42. gxf3 Bd3 43. Ke3 Bc4 44. h4 g5 45. hxg5 hxg5 46. Rg2 Rg6 47. Nd4 f4+ 48. Kf2 Ke8 49. Kg1 Kd7 50. Rh2 g4 51. Rh7+ Ke8 52. fxg4 Rxg4+ 53. Kf2 Rg3 54. Nf3 Bd3 55. Rh4 Bc4 56. Rxf4 Rxf3+ 1/2-1/2

[Event "American Continental 09th"]
[Site "Cochabamba"]
[Date "2013.05.11"]
[Round "6"]
[White "Cornejo, Max"]
[Black "Bachmann, Axel"]
[Result "0-1"]
[WhiteElo "2380"]
[BlackElo "2531"]
[PlyCount "75"]
[EventDate "2013.05.07"]
[EventType "swiss"]
[EventRounds "11"]
[EventCountry "BOL"]
[SourceTitle "CBM 154 Extra"]
[Source "ChessBase"]
[SourceDate "2013.06.25"]
[SourceVersion "2"]
[SourceVersionDate "2013.06.25"]
[SourceQuality "1"]

1. e4 e5 2. Nf3 Nc6 3. Nc3 g6 4. d4 exd4 5. Nxd4 Bg7 6. Nde2 Nf6 7. g3 0-0 8. Bg2 Re8 9. 0-0 Rb8 10. Nf4 d6 11. h3 b5 12. Nfd5 b4 13. Nxf6+ Bxf6 14. Nd5 Bg7 15. a3 a5 16. axb4 axb4 17. Ra2 Be6 18. Be3 Ne5 19. b3 c5 20. Nf4 Nc6 21. Nxe6 Rxe6 22. Kh2 Nd4 23. Qd3 h5 24. f4 Re8 25. Ra6 Qe7 26. Qc4 h4 27. gxh4 Rbd8 28. Bxd4 Bxd4 29. e5 Kg7 30. h5 gxh5 31. Rb6 dxe5 32. f5 Qg5 33. f6+ Kh8 34. Qxf7 Rg8 35. Qb7 e4 36. Qxe4 Qg3+ 37. Kh1 Be5 38. Qxe5 0-1

[Event "American Continental 09th"]
[Site "Cochabamba"]
[Date "2013.05.09"]
[Round "4"]
[White "Cornejo, Max"]
[Black "Hambleton, Aman"]
[Result "1-0"]
[WhiteElo "2380"]
[BlackElo "2468"]
[PlyCount "55"]
[EventDate "2013.05.07"]
[EventType "swiss"]
[EventRounds "11"]
[EventCountry "BOL"]
[SourceTitle "CBM 154 Extra"]
[Source "ChessBase"]
[SourceDate "2013.06.25"]
[SourceVersion "2"]
[SourceVersionDate "2013.06.25"]
[SourceQuality "1"]

1. e4 e6 2. d4 d5 3. e5 c5 4. c3 Nc6 5. Nf3 Nh6 6. Bd3 f6 7. Bxh6 gxh6 8. 0-0 Bg7 9. exf6 Qxf6 10. dxc5 e5 11. c4 e4 12. cxd5 exf3 13. dxc6 0-0 14. cxb7 Bxb7 15. Qb3+ Rf7 16. Bc4 fxg2 17. Bxf7+ Qxf7 18. Rd1 Qxb3 19. axb3 Bxb2 20. Ra2 Be5 21. Na3 Kh8 22. Nc4 Bf4 23. Nd6 Bc6 24. Nf7+ Kg7 25. Nd8 Bf3 26. Rd3 Bg4 27. Ra4 Bf5 28. Rd5 1-0

[Event "Richardson UTD op"]
[Site "Richardson"]
[Date "2013.03.10"]
[Round "4"]
[White "Abasov, Nijat Azad"]
[Black "Cornejo, Max"]
[Result "1/2-1/2"]
[WhiteElo "2465"]
[BlackElo "2370"]
[PlyCount "63"]
[EventDate "2013.03.09"]
[EventType "swiss"]
[EventRounds "9"]
[EventCountry "USA"]
[SourceTitle "CBM 153 Extra"]
[Source "ChessBase"]
[SourceDate "2013.04.22"]
[SourceVersion "1"]
[SourceVersionDate "2013.04.22"]
[SourceQuality "1"]

1. c4 c5 2. Nc3 Nc6 3. g3 g6 4. Bg2 Bg7 5. d3 e5 6. h4 h6 7. a3 d6 8. Rb1 a5 9. Bd2 Nge7 10. Nf3 0-0 11. Qc1 Kh7 12. h5 g5 13. Bxg5 hxg5 14. Nxg5+ Kh8 15. h6 Bf6 16. Nge4 Ng6 17. Nd5 Be7 18. h7 Be6 19. Qh6 Nd4 20. e3 Nf5 21. Qh2 Bxd5 22. cxd5 a4 23. Qh3 Ng7 24. Ke2 b5 25. f4 f5 26. Nd2 exf4 27. gxf4 Nh4 28. Bf3 Bf6 29. Kf2 Nxf3 30. Nxf3 Ra7 31. Qh6 Re7 32. Rbg1 1/2-1/2

[Event "Pan American Intercollegiate-chT"]
[Site "Princeton"]
[Date "2012.12.30"]
[Round "6"]
[White "Cornejo, Max"]
[Black "Hughes, Tyler B"]
[Result "1-0"]
[WhiteElo "2375"]
[BlackElo "2280"]
[PlyCount "103"]
[EventDate "2012.12.27"]
[EventType "team-swiss"]
[EventRounds "6"]
[EventCountry "USA"]
[SourceTitle "CBM 152 Extra"]
[Source "ChessBase"]
[SourceDate "2013.02.25"]
[SourceVersion "1"]
[SourceVersionDate "2013.02.25"]
[SourceQuality "1"]
[WhiteTeam "Brownsville"]
[BlackTeam "Dallas II"]
[WhiteTeamCountry "USA"]
[BlackTeamCountry "USA"]

1. e4 c5 2. Nf3 e6 3. d4 cxd4 4. Nxd4 Nc6 5. Nc3 a6 6. Be3 Nf6 7. Qd2 Bb4 8. f3 d5 9. a3 Qa5 10. Nb3 Bxc3 11. bxc3 Qc7 12. Bf4 Qd8 13. e5 Nd7 14. Bg5 Qc7 15. f4 h6 16. Bh4 g5 17. Bg3 gxf4 18. Bxf4 b5 19. Be2 Bb7 20. 0-0 0-0-0 21. a4 bxa4 22. Rxa4 Nb6 23. Raa1 Nc4 24. Qe1 Rhg8 25. Nc5 Ne7 26. Qf2 Ng6 27. Bg3 a5 28. Nxb7 Kxb7 29. Qxf7 Ngxe5 30. Rab1+ Kc6 31. Qxe6+ Qd6 32. Qxd6+ Kxd6 33. Bxc4 Rxg3 34. hxg3 Nxc4 35. Rf6+ Kc5 36. Rxh6 Nd6 37. g4 Ne4 38. Ra6 Nxc3 39. Rxa5+ Kd4 40. Rb3 Rc8 41. g5 Ne2+ 42. Kh2 Rg8 43. Rd3+ Ke4 44. Ra6 Re8 45. Rh6 d4 46. g6 Kf5 47. g7 Rg8 48. Rf3+ Kg5 49. Re6 Nc3 50. Re7 Kg6 51. Rd7 Ne2 52. Rf2 1-0